00571nam a2200157 a 4500008004100000050001500041100002500056245015100081260004000232300002000272362001500292500001700307650001500324650003300339650004100372140127s2013 ||||||||||||||||| || u aTHESIS/CHI aChipukamwala, Booker12aA study of the impact of corruption on the performance of Zambia Revenue Authority (ZRA): a case study of Chipata districtcby Booker Chipukamwala aKitwe:bCopperbelt Universityc2013 axi, 127p.: ill.1 a

MBA

 aBibliography aCORRUPTION aCORRUPTION--ECONOMIC ASPECTS aCORRUPTION--ZAMBIA REVENUE AUTHORITY